| 000 | 01356nam a2200217Ii 4500 | ||
|---|---|---|---|
| 003 | JO-AjNU | ||
| 005 | 20240623125844.0 | ||
| 008 | 230605s9999||||xx |||||||||||||| ||und|| | ||
| 040 |
_aJO-AjNU _bara _erda _cJO-AjNU |
||
| 041 | _aara | ||
| 100 | 1 |
_aعطوة، روان حكم نايف _964659 _eمعد |
|
| 245 | 0 | 0 |
_aقدرة فترة إصدار تقرير المدقق و النسب المالية في ضوء نموذجي آلتمان و التدفقات النقدية على التنبؤ بإفلاس الشركات الأردنية المدرجة في بورصة عمان = The ability of audit report lag, and financial ratio in light of altman and cash flow models in predicting the bankruptcy of jordanian companies listed on amman stock exchange / _cاعداد روان حكم نايف عطوة ؛ اشراف محمود حسن قاقيش |
| 260 | _c2006 | ||
| 336 |
_atext _btxt _2rdacontent |
||
| 337 |
_aunmediated _bn _2rdamedia |
||
| 338 |
_avolume _bnc _2rdacarrier |
||
| 504 | _a رسالة جامعية (ماجستير في المحاسبة)--جامعة اليرموك (إربد، الأردن)، كلية الاقتصاد، قسم المحاسبة، 2006. | ||
| 650 | 7 | 0 |
_aتدقيق حسابات - الشركات المساهمة - محاسبة - الاردن _964660 |
| 700 | 1 |
_aقاقيش، محمود حسن _964661 |
|
| 942 |
_2lcc _cTHS |
||
| 999 |
_c32982 _d32982 |
||